Регионална библиотека "Любен Каравелов" - Русе

Радост и мъка (Запис номер 182538)

MARC детайли
000 -Лидер
Контролно поле с фиксирана дължина 01648nam a2200337 c 4500
003 - Код на организацията, давaща контролен номер
Контролно поле BLK
005 - Дата и час на последна редакция
Контролно поле 20250330004147.0
008 - Елементи от данни с фиксирана дължина
fixed length control field 180411b bul|||||r ||||||| ||bul||
010 ## - Наследен системен номер
LC control number KNG00191463000
040 ## - Източник на каталожния запис
Идентификатор на билиотеката - собственик на записа BLK
041 ## - Код за език
Код за езика на текст/звукозапис или на отделно заглавие Български
Код за езика КДБФ Български
080 ## - УДК
Текстов определител УДК Немска литература
УДК код - определител по УДК 821.112.2
УДК определител -1
УДК - код + определител 821.112.2-1
100 1# - Редна дума - Автор
Автор Гьоте, Йохан Волфганг
Авторска отговорност първи автор
R(LIN) 323081
139 ## - Редно поле
Редна дума Гьоте, Йохан Волфганг
Авторски знак Гън - Г 97
245 10 - Сведения за заглавието
Заглавие Радост и мъка
Подзаглавни данни Сб. стихотворения
Редно поле (дума) Йохан Волфганг Гьоте; прев. от нем. Атанас Христов Далчев; прев. от нем. Чило Шишманов; худож. Стоимен Иванов Стоилов.
257 ## - Страна на издаване
Страна на създаване/издаване Германия
260 ## - Област на издателските данни
Име на издателя, разпространителя и проч. Георги Бакалов
Година на издаване 1982
Печатница София : Балкан
Място на издаване, разпространение и проч. Варна
300 ## - Физическа характеристика
Страници 128 с.
Илюстрации и др. с ил.
Размери/Мащаб 25 см
380 ## - Жанр
Жанр Худож. лит.
500 ## - Общи забележки
Забележка Офс. изд. - 30 300 тир.
700 ## - Други автори (авторска отговорност)
Лично име Далчев, Атанас Христов
Дати, свързани с автора 1904-1978
Друга информация Поет. Преводач от английски, френски, немски, испански, руски, гръцки и унгарски език.
9 (RLIN) 363753
700 1# - Други автори (авторска отговорност)
Лично име Шишманов, Чило
Автороска отговорност (Описва отношението между автора и произведението) прев. от нем.
9 (RLIN) 381662
700 ## - Други автори (авторска отговорност)
Лично име Стоилов, Стоимен Иванов
Дати, свързани с автора 1944-
Друга информация Български график и живописец
9 (RLIN) 374518
852 ## - Местоположение
Форматна сигнатура Цб 115091
Фондова буква Хранилище
856 4# - Електронен адрес и достъп
Електронен формат pdf - файл
856 4# - Електронен адрес и достъп
Електронен формат pdf - файл
999 ## - СИСТЕМНИ КОНТРОЛНИ НОМЕРА
Koha biblionumber 182538
Koha biblioitemnumber 182538
942 ## - АРТИКУЛИ
Вид на библиотечния материал Книги
Скрит в OPAC Не
Koha issues (borrowed), all copies 3
Периодичен библиозапис Да
944 ## - СЪЗДАВАНЕ И РЕДАКЦИЯ на ЗАПИСА
Създаване/Редакция Създаване
Дата на регистрацията/редакция 04.10.2016
Служител, извършил регистрацията/редакцията
Статус, дата на статуса CRON CRON
944 ## - СЪЗДАВАНЕ И РЕДАКЦИЯ на ЗАПИСА
Създаване/Редакция Редакция
Дата на регистрацията/редакция 04.10.2016
Служител, извършил регистрацията/редакцията Радостина_Карадакова
999 ## - СИСТЕМНИ КОНТРОЛНИ НОМЕРА
Koha biblioitemnumber 182538
Наличности
Код за отписване Код за изгубен артикул Източник на класификационната схема Код за повреда Коз за рестрикции Код за отдаване Артикулен № Име на библиотеката - собственик Име на библиотеката, в която се намира в момента Статус (Текущо местоположение) Дата на вписване в системата Местоположение - отдел Цена в лева Инвентарен номер Систематично азбучна сигнатура Баркод Номер на екземпляра Цена в евро Служебна бележка Служебен тип на артикула Бележка за публиката
  Не е изгубен Universal Decimal Classification Не е повреден без рестрикции ползва се в читалня 313599 Регионална библиотека "Любен Каравелов" Русе Регионална библиотека "Любен Каравелов" Русе Хранилище 1982-01-01 Хранилище 2.05 355368 Цб 115091 120000355368 1 1.05 N: стар фонд Дата: 01.01.1982 Книги  
Изтеглен Не е изгубен Universal Decimal Classification Не е повреден без рестрикции заемане за дома 313600 Регионална библиотека "Любен Каравелов" Русе Регионална библиотека "Любен Каравелов" Русе Заемна - подръчен фонд 1982-01-01 Заемна - подръчен фонд 2.05 354736 П 830-1/Г 97 354736 2 1.05 N: стар фонд Дата: 01.01.1982 Дата инв: 12.02.2018 Бележки инв: П2018 Книги  
Изтеглен Не е изгубен Universal Decimal Classification Не е повреден без рестрикции заемане за дома 313601 Регионална библиотека "Любен Каравелов" Русе Регионална библиотека "Любен Каравелов" Русе Заемна - подръчен фонд 1982-01-01 Заемна - подръчен фонд 2.05 354737 П 830-1/Г 97 354737 3 1.05 N: стар фонд Дата: 01.01.1982 Дата инв: 12.02.2018 Бележки инв: П2018 Книги  
Изтеглен Не е изгубен Universal Decimal Classification Не е повреден без рестрикции заемане за дома 313602 Регионална библиотека "Любен Каравелов" Русе Регионална библиотека "Любен Каравелов" Русе Заемна - подръчен фонд 1982-01-01 Заемна - подръчен фонд 2.05 354738 П 830-1/Г 97 354738 4 1.05 N: стар фонд Дата: 01.01.1982 Дата инв: 21.03.2018 Бележки инв: П2018 Книги  
Изтеглен Не е изгубен   Не е повреден без рестрикции заемане за дома 313603 Регионална библиотека "Любен Каравелов" Русе Регионална библиотека "Любен Каравелов" Русе   1982-01-01 Заемна - подръчен фонд 2.05 354740 П 830-1/Г 97 354740 5 1.05 N: стар фонд Дата: 01.01.1982 Книги Отч.N: 6/2018 , Дата: 22.01.2018
  Не е изгубен Universal Decimal Classification Не е повреден без рестрикции заемане за дома 313604 Регионална библиотека "Любен Каравелов" Русе Регионална библиотека "Любен Каравелов" Русе Заемна - подръчен фонд 1982-01-01 Заемна - подръчен фонд 2.05 354741 П 830-1/Г 97 120000354741 6 1.05 N: стар фонд Дата: 01.01.1982 Дата инв: 12.02.2018 Бележки инв: П2018 Книги  
  Не е изгубен Universal Decimal Classification Не е повреден без рестрикции заемане за дома 313605 Регионална библиотека "Любен Каравелов" Русе Регионална библиотека "Любен Каравелов" Русе Дубликат 1982-01-01 Заемна - подръчен фонд 2.05 354742 П 830-1/Г 97 120000354742 7 1.05 N: стар фонд Дата: 01.01.1982 Дата инв: 12.02.2018 Бележки инв: П2018 Книги  
Изтеглен Не е изгубен Universal Decimal Classification Не е повреден без рестрикции заемане за дома 313606 Регионална библиотека "Любен Каравелов" Русе Регионална библиотека "Любен Каравелов" Русе Заемна - подръчен фонд 1982-01-01 Заемна - подръчен фонд 2.05 354743 П 830-1/Г 97 354743 8 1.05 N: стар фонд Дата: 01.01.1982 Книги  
Изтеглен Не е изгубен Universal Decimal Classification Не е повреден без рестрикции заемане за дома 313607 Регионална библиотека "Любен Каравелов" Русе Регионална библиотека "Любен Каравелов" Русе Заемна - подръчен фонд 1982-01-01 Заемна - подръчен фонд 0.00 354748 П 830-1/Г 97 354748 9 0.00 N: стар фонд Дата: 01.01.1982 Книги  
Vip Innovations Ltd, Rousse, Bulgaria 2025